01011 a2200265 4500020001500000020001800015090001300033100001800046245004000064250001500104260004900119300002100168490004700189500001200236500001500248650002300263650004500286650001500331830004700346856008200393856008700475942002400562999001900586952014000605 a0852974590 a9780852974599 c193d1931 aCoyle, Brian.10aCapital structuring /cBrian Coyle. aRev Ed ed. a[S.l.] :bFinancial World Publishing,c2004. a126 p. ;c24 cm.1 aRisk management series: corporate finance. aImport. aHardcover. 4aCorporate finance. 4aRisk assessment & analysis for business. 4aEconomics. 0aRisk management series: corporate finance.403Amazon.comuhttp://www.amazon.com/exec/obidos/ASIN/0852974590/chopaconline-20403Amazon customer reviewsuhttp://www.chopac.org/cgi-bin/tools/azrev.pl?q=0852974590 aNBScBKk658.15 COY c342767d342767 00152ddc4070aCLbCLd2013-08-28o658.15 COYpNBS5224r2013-08-28w2013-08-28yBKzWrite off File No.0908/IRC/NBS Dated Aug 16, 2018